000 01141nam a2200277 i 4500
003 DO-SdBNP
005 20250217091458.0
007 ta
008 240417s1999 dr 001 0 spa d
040 _aDO-SdBNP
_bspa
_cBNPHU
_erda
082 4 _bL864
_222
100 1 _a López Rodríguez, Nicolás de Jesús,
_d1936-
_eautor
_9670
245 1 3 _aHomilía y panegírico :
_bTraslado de los restos de Don Francisco Gregorio Billini al Panteón Nacional /
_cNicolás de Jesús López Rodríguez, Leonel Fernández ; edición Rafael Bello Peguero
246 1 3 _aTraslado de los restos de Don Francisco Gregorio Billini al Panteón Nacional :
_bhomilía y panegírico /
264 _aSanto Domingo :
_bAmigo del Hogar,
_c1999.
300 _a21 páginas ;
_b20 cm.
336 _2rdacontent
_atexto
_btxt
337 _2rdamedia
_asin mediación
_bn
338 _2rdacarrier
_avolumen
_bnc
500 _aArzobispo Metropolitano de Santo Domingo Primado de América.
590 _aInventariado, 2024/ YL
700 1 _aBello Peguero, Rafael
_eedición
_96960
700 1 _aFernández, Leonel
_eautor
_980364
910 _aYLockward
942 _2ddc
_cLF2
999 _c56439
_d56439